Brooklyn Nets 2025-2026 Roster - Statistics

General Stats
  • This quiz has been taken 16 times
    13 since last reset
  • The average score is 11 of 17
Answer Stats
Jersey # Pos Answer % Correct
8 G Egor Demin
92%
17 F Michael Porter Jr
92%
88 G Nolan Traore
92%
2 F Danny Wolf
85%
20 C Day'Ron Sharpe
77%
33 C Nic Claxton
77%
21 F-C Noah Clowney
77%
77 G Ben Saraf
62%
4 G-F Drake Powell
62%
1 F Ziaire Williams
62%
22 F Jalen Wilson
54%
14 G-F Terance Mann
54%
00 F Josh Minott
46%
31 G-F Chaney Johnson
38%
9 F E.J. Liddell
31%
30 G Ochai Agbaji
31%
10 G Tyson Etienne
31%
No matching quizzes found
Score Distribution
Percent of People with Each Score
Percentile by Number Answered
Your Score History
You have not taken this quiz since the last reset